Tilastot visalle Nimeä käypä valtio #3

Klikkaa tästä pelataksesi tätä visaa!

Yleistilastot

  • Tätä visaa on pelattu 134 kertaa
  • Keskiarvotulos 12 / 19

Vastaustilastot

Nimeä maa ...Vastaus% Oikein
joka alkaa J:lläJapani | Jamaika | Jordania | Jemen
99%
joka on yksi Baltian maistaViro | Latvia | Liettua
97%
jonka pääkaupundi alkaa kirjaimilla: "San"Chile | Costa Rica | Dominikaaninen tasavalta |
El Salvador | San Marino | Jemen
85%
jolla on oranssia lipussaanArmenia | Bhutan | Intia | Irlanti | Norsunluurannikko |
Marshallinsaaret | Nicaragua | Niger | Sri Lanka | Sambia
82%
joka alkaa A:lla, muttei pääty A-kirjaimeenAfganistan | Azerbaidžan
78%
jonka elinajanodote on yli 83 vuottaMonaco | Japani | Singapore | San Marino | Islanti
77%
jonka pääkaupunki on Tonavan varrellaItävalta | Unkari | Serbia | Slovakia
76%
jolla on Moskovaa kylmempi pääkaupunkiMongolia | Kazakstan | Islanti | Norja
73%
jolla ei ole lentokenttääAndorra | Liechtenstein | Monaco | San Marino | Vatikaani
68%
jolla on aluetta PyreneilläAndorra | Ranska | Espanja
62%
jonka valuutta on rupiaIntia | Nepal | Pakistan | Mauritius | Seychellit | Sri Lanka
61%
jolla on alueita Indokiinan niemimaallaKambodža | Laos | Malesia | Myanmar | Thaimaa | Vietnam
59%
josta suuri osa on KaukasuksellaArmenia | Azerbaidžan | Georgia
57%
jossa on enemmän Shiia- kuin Sunni-muslimejaAzerbaidžan | Bahrain | Iran | Irak | Libanon
57%
joka koskettaa KorallimertaAustralia | Salomonsaaret | Papua-Uusi- Guinea | Vanuatu
54%
jolla on vähintään 10,000 yhdysvaltalaista
sotilasta (pois lukien Yhdysvallat)
Japani | Saksa | Italia | Etelä-Korea
43%
joka on Afrikassa ja jonka virallinen kieli
on portugali
Angola | Kap Verde | Päiväntasaajan Guinea | Guinea-Bissau |
Mosambik | São Tomé ja Príncipe
38%
joka on Suurilla AntilleillaBahama | Kuuba | Dominikaaninen tasavalta | Haiti | Jamaika
31%
joka on osittain AtlasvuoristoaAlgeria | Marokko | Tunisia
30%

Tulosjakauma

Persentiili vastausten määrän mukaan

Jokaisen tuloksen saaneiden osuus

Tuloshistoriasi

Et ole pelannut tätä visaa